000 01104cam a22002891i 4500
003 SA-RiAUC
005 20250624115319.0
008 250622s2007 ua g 001 0 ara c
020 _a9773424456
040 _aOM-MuSQU
_bara
_cSA-RiAUC
_erda
082 0 4 _a229
090 _a229
_bا ب ن ع
100 1 _aابن عاشور، محمد الطاهر بن محمد الشاذلي بن عبد القادر،
_d1230-1284 هجري
_eمؤلف.
245 1 0 _aتحقيقات وأنظار في القرآن والسنة /
_cتأليف محمد الطاهر بن عاشور.
264 1 _aالقاهرة :
_bدار السلام،
_c2007
300 _a222 صفحة ؛
_c24 سم
336 _aنص
_btxt
_2rdacontent
_3كتاب
337 _aبدون وسيط
_bn
_2rdamedia
338 _aمجلد
_bnc
_2rdacarrier
500 _aيشتمل على كشافات.
590 _aحمد الحجري.
630 2 7 _aالقرآن
_xمباحث عامة
_2aucut
650 7 _aالحديث
_xمباحث عامة
_2aucsh
730 2 2 _aالقرآن
942 _2ddc
_cBOOK
_n0
949 _aSA-JeALM
_d250622
_umohamedma123
_n1
999 _c9141
_d9141